Statistics for The Strokes Lyrics - Take It Or Leave It

Click here to take the quiz!

General Stats

  • This quiz has been taken 12 times
  • The average score is 194 of 234

Answer Stats

Lyrics% Correct
a
100%
I
100%
it
100%
it,
100%
Leave
100%
leave
100%
or
100%
take
100%
alone,
91%
And
91%
and
91%
control
91%
girls
91%
girls,
91%
I'm
91%
in
91%
is
91%
just
91%
me
91%
much,
91%
much
91%
too
91%
back
82%
Boys
82%
boys
82%
enough
82%
Enough
82%
go
82%
he
82%
the
82%
act
73%
break
73%
can
73%
chance
73%
down
73%
for
73%
gonna
73%
He's
73%
he's
73%
let
73%
like
73%
now
73%
of
73%
oh,
73%
Oh,
73%
she
73%
steal
73%
that
73%
tough
73%
was
73%
you
73%
your
73%
can't
64%
if
64%
know
64%
men,
64%
minds
64%
not
64%
on
64%
other
64%
said
64%
friends,
55%
someday
55%
someday,
55%
Well,
55%
will
55%
win
55%
say,
45%
fell
36%
off
36%
track,
36%
that's
27%
right,
18%

Score Distribution

Percentile by Number Answered

Percent of People with Each Score

Your Score History

You have not taken this quiz